|
|
|
|
| LEADER |
00000cam a22000004a 4500 |
| 001 |
musev2_63199 |
| 003 |
MdBmJHUP |
| 005 |
20230905050514.0 |
| 006 |
m o d |
| 007 |
cr||||||||nn|n |
| 008 |
181215s2019 wvu o 00 0 eng d |
| 020 |
|
|
|a 9781946684714
|
| 020 |
|
|
|z 9781946684707
|
| 035 |
|
|
|a (OCoLC)1078932082
|
| 040 |
|
|
|a MdBmJHUP
|c MdBmJHUP
|
| 100 |
1 |
|
|a Ferrence, Matthew J.,
|e author.
|
| 245 |
1 |
0 |
|a Appalachia North :
|b A Memoir /
|c Matthew Ferrence.
|
| 264 |
|
1 |
|a Morgantown :
|b West Virginia University Press,
|c 2019.
|
| 264 |
|
3 |
|a Baltimore, Md. :
|b Project MUSE,
|c 2019
|
| 264 |
|
4 |
|c ©2019.
|
| 300 |
|
|
|a 1 online resource (296 pages).
|
| 336 |
|
|
|a text
|b txt
|2 rdacontent
|
| 337 |
|
|
|a computer
|b c
|2 rdamedia
|
| 338 |
|
|
|a online resource
|b cr
|2 rdacarrier
|
| 505 |
0 |
|
|a Intro; Contents; A PREFACE (OF SORTS); ACKNOWLEDGMENTS; 1. FLOODS; 2. THIS IS NOT A MOUNTAIN; 3. MARGINAL APPALACHIA; 4. APPALACHIAN FLESH, APPALACHIAN BONE; 5. LEARNING TO SAY APPALACHIA; 6. THE MOLT; 7. CONDUITS; 8. READING LIKE AN APPALACHIAN; 9. JOURNEY TO CANAPPALACHIA; 10. COORDINATES; BIBLIOGRAPHY
|
| 520 |
|
|
|a "Appalachia North is the first book-length treatment of the cultural position of northern Appalachia--the portion of the official Appalachian Regional Commission zone that lies above the Mason-Dixon line. For Matthew Ferrence this region fits into a tight space of not-quite: not quite "regular" America and not-quite Appalachia. Ferrence's sense of geographic ambiguity is compounded when he learns that his birthplace in western Pennsylvania is technically not a mountain but, instead, a dissected plateau shaped by the slow, deep cuts of erosion. That discovery is followed by the diagnosis of a brain tumor, setting Ferrence on a journey that is part memoir, part exploration of geology and place. Appalachia North is an investigation of how the labels of Appalachia have been drawn and written, and also a reckoning with how a body always in recovery can, like a region viewed always as a site of extraction, find new territories of growth"--
|c Provided by publisher.
|
| 588 |
|
|
|a Description based on print version record.
|
| 600 |
1 |
0 |
|a Ferrence, Matthew J.
|
| 651 |
|
7 |
|a Appalachian Region.
|2 fast
|0 (OCoLC)fst01240092
|
| 651 |
|
0 |
|a Appalachian Region
|x Description and travel.
|
| 651 |
|
0 |
|a Appalachian Region
|x Social life and customs.
|
| 650 |
|
7 |
|a Travel.
|2 fast
|0 (OCoLC)fst01155558
|
| 650 |
|
7 |
|a Manners and customs.
|2 fast
|0 (OCoLC)fst01007815
|
| 655 |
|
7 |
|a Electronic books.
|2 local
|
| 710 |
2 |
|
|a Project Muse.
|e distributor
|
| 830 |
|
0 |
|a Book collections on Project MUSE.
|
| 856 |
4 |
0 |
|z Texto completo
|u https://projectmuse.uam.elogim.com/book/63199/
|
| 945 |
|
|
|a Project MUSE - Custom Collection
|
| 945 |
|
|
|a Project MUSE - 2019 Complete
|
| 945 |
|
|
|a Project MUSE - 2019 US Regional Studies, South
|